<?xml version="1.0" encoding="UTF-8"?>
<record
    xmlns:xsi="http://www.w3.org/2001/XMLSchema-instance"
    xsi:schemaLocation="http://www.loc.gov/MARC21/slim http://www.loc.gov/standards/marcxml/schema/MARC21slim.xsd"
    xmlns="http://www.loc.gov/MARC21/slim">

  <leader>05462nam a2200409   4500</leader>
  <controlfield tag="003">CHAP</controlfield>
  <controlfield tag="005">20240621122322.0</controlfield>
  <controlfield tag="007">ta</controlfield>
  <controlfield tag="008">240621s2021    spaabdofom||| 001 0 spa d</controlfield>
  <datafield tag="040" ind1=" " ind2=" ">
    <subfield code="e">rda</subfield>
  </datafield>
  <datafield tag="041" ind1="0" ind2=" ">
    <subfield code="a">spa</subfield>
    <subfield code="b">eng</subfield>
  </datafield>
  <datafield tag="100" ind1="1" ind2=" ">
    <subfield code="9">189249</subfield>
    <subfield code="a">P&#xE9;rez Torres, Alba</subfield>
  </datafield>
  <datafield tag="240" ind1="1" ind2="0">
    <subfield code="a">Models of integration of coffee producers to the agroindustry in the north and northeast sierra of Puebla.</subfield>
    <subfield code="l">Espa&#xF1;ol</subfield>
  </datafield>
  <datafield tag="245" ind1="1" ind2=" ">
    <subfield code="a">Modelos de integraci&#xF3;n de los productores de caf&#xE9; a la agroindustria en la sierra norte y nororiental de Puebla / </subfield>
    <subfield code="c">Alba P&#xE9;rez Torres</subfield>
  </datafield>
  <datafield tag="264" ind1=" " ind2="0">
    <subfield code="a">Chapingo, M&#xE9;xico :</subfield>
    <subfield code="b">El autor,</subfield>
    <subfield code="c">2021</subfield>
  </datafield>
  <datafield tag="300" ind1=" " ind2=" ">
    <subfield code="a">1 recurso en l&#xED;nea ( xiii, 150 p&#xE1;ginas) :</subfield>
    <subfield code="b">ilustraciones, tablas, gr&#xE1;ficas, mapas, diagramas, fotos</subfield>
  </datafield>
  <datafield tag="336" ind1=" " ind2=" ">
    <subfield code="2">rdacontent</subfield>
    <subfield code="a">texto</subfield>
    <subfield code="b">txt</subfield>
  </datafield>
  <datafield tag="337" ind1=" " ind2=" ">
    <subfield code="2">rdamedia</subfield>
    <subfield code="a">computadora</subfield>
    <subfield code="b">c</subfield>
  </datafield>
  <datafield tag="338" ind1=" " ind2=" ">
    <subfield code="2">rdacarrier</subfield>
    <subfield code="a">recurso en l&#xED;nea</subfield>
    <subfield code="b">cr</subfield>
  </datafield>
  <datafield tag="502" ind1=" " ind2=" ">
    <subfield code="a">Tesis</subfield>
    <subfield code="b">IA</subfield>
    <subfield code="c">Agroindustrias</subfield>
    <subfield code="d">2021</subfield>
    <subfield code="g">LIC</subfield>
  </datafield>
  <datafield tag="504" ind1=" " ind2=" ">
    <subfield code="a">Bibliograf&#xED;a : p&#xE1;ginas 128-133</subfield>
  </datafield>
  <datafield tag="520" ind1="3" ind2=" ">
    <subfield code="a">El caf&#xE9; es una de las bebidas con mayor importancia a nivel mundial, por sus caracter&#xED;sticas organol&#xE9;pticas como el sabor, aroma y acidez son inigualables. En M&#xE9;xico la producci&#xF3;n de caf&#xE9; se realiza en 15 estados siendo Puebla uno de los principales productores. La Sierra Norte y Nororiental de Puebla son las principales regiones donde se cultiva y produce el arom&#xE1;tico, a pesar de que cuenta con gran potencial para la producci&#xF3;n, existen problem&#xE1;ticas como los bajos precios, la disminuci&#xF3;n de la producci&#xF3;n causado por la roya (Hemileia vastatrix) y la falta de organizaci&#xF3;n entre productores. El objetivo de este trabajo fue analizar los modelos de integraci&#xF3;n de los productores de caf&#xE9; de la Sierra Norte y Nororiental de Puebla y su relaci&#xF3;n con la agroindustria. Se aplic&#xF3; una encuesta a productores y a la Organizaci&#xF3;n &#x201C;Tosepan Titataniske&#x201D; y mediante el an&#xE1;lisis de innovaci&#xF3;n y redes, as&#xED; como el an&#xE1;lisis econ&#xF3;mico se logr&#xF3; identificar los modelos de productores. Tambi&#xE9;n se realiz&#xF3; una encuesta a consumidores con la finalidad de conocer las exigencias del mercado e identificar nuevos nichos de mercado. Los resultados indican la existencia de cuatro modelos de productores, uno de ellos pertenece a la Organizaci&#xF3;n &#x201C;Tosepan Titataniske&#x201D;, mientras que tres modelos de productores se encuentran aislados. Los resultados indican que existe un bajo nivel de adopci&#xF3;n de innovaci&#xF3;n, la relaci&#xF3;n beneficio/costo indican que los productores no obtienen alguna utilidad, a pesar de esto los productores no dejar&#xED;an el cultivo. La desarticulaci&#xF3;n de la red entre productores disminuye la transferencia de innovaci&#xF3;n. Actualmente los consumidores exigen un caf&#xE9; de buena calidad (aroma y sabor), el precio no es un factor que limite su consumo, por lo es una buena oportunidad para que los productores se vinculen y participen en la cadena de producci&#xF3;n.</subfield>
  </datafield>
  <datafield tag="520" ind1="3" ind2=" ">
    <subfield code="a">Coffee is one of the most important beverages in the world, due to its organoleptic characteristics such as flavor, aroma and acidity are unmatched. In Mexico, coffee production is carried out in fifteen states, Puebla being one of the main producers. The Sierra Norte and Northeast of Puebla are the main regions where the aromatic is grown and produced, although it has great potential for production, there are problems such as low prices, the decrease in production caused by rust (Hemileia vastatrix ) and the lack of organization among producers. The objective of this work was to analyze the integration models of coffee producers in the Sierra Norte and Northeast of Puebla and their relationship with agribusiness. A survey was applied to producers and the Organization &#x201C;Tosepan Titataniske&#x201D; and through the analysis of innovation and networks, as well as the economic analysis, it was possible to characterize the models of producers. A survey was applied to consumers in order to know their preferences and identify new market niches. The results indicate the existence of four producer models, one of them belongs to the &#x201C;Tosepan Titataniske&#x201D; Organization, while three producer models are isolated. The results indicate that there is a low level of adoption of innovation, the benefit / cost relationship suggests that the producers do not obtain any utility, despite this the producers would not leave the crop. The dismantling of the network between producers reduces the transfer of innovation. Consumers currently demand good quality coffee (aroma and flavor), price is not a factor that limits its consumption, so it is a good opportunity for producers to link up and participate in the production chain</subfield>
  </datafield>
  <datafield tag="650" ind1="1" ind2="3">
    <subfield code="2">agt</subfield>
    <subfield code="9">17085</subfield>
    <subfield code="a">Caf&#xE9;</subfield>
    <subfield code="x">Iniciativa empresarial</subfield>
  </datafield>
  <datafield tag="650" ind1="1" ind2="3">
    <subfield code="2">agt</subfield>
    <subfield code="9">17085</subfield>
    <subfield code="a">Caf&#xE9;</subfield>
    <subfield code="x">Valuaci&#xF3;n contingente</subfield>
  </datafield>
  <datafield tag="650" ind1="1" ind2="3">
    <subfield code="2">agt</subfield>
    <subfield code="9">17085</subfield>
    <subfield code="a">Caf&#xE9;</subfield>
    <subfield code="x">Mercados</subfield>
  </datafield>
  <datafield tag="650" ind1="1" ind2="3">
    <subfield code="2">agt</subfield>
    <subfield code="9">17085</subfield>
    <subfield code="a">Caf&#xE9;</subfield>
    <subfield code="x">Industria y comercio</subfield>
    <subfield code="z">M&#xE9;xico</subfield>
    <subfield code="z">Puebla</subfield>
  </datafield>
  <datafield tag="650" ind1="1" ind2="3">
    <subfield code="2">agt</subfield>
    <subfield code="9">185335</subfield>
    <subfield code="a">Coffee (beverage)</subfield>
    <subfield code="x">Entrepreneurship</subfield>
  </datafield>
  <datafield tag="650" ind1="1" ind2="3">
    <subfield code="2">agt</subfield>
    <subfield code="9">185335</subfield>
    <subfield code="a">Coffee (beverage)</subfield>
    <subfield code="x">Contingent valuation</subfield>
  </datafield>
  <datafield tag="650" ind1="1" ind2="3">
    <subfield code="2">agt</subfield>
    <subfield code="9">185335</subfield>
    <subfield code="a">Coffee (beverage)</subfield>
    <subfield code="x">Markets</subfield>
  </datafield>
  <datafield tag="650" ind1="1" ind2="3">
    <subfield code="2">agt</subfield>
    <subfield code="9">185335</subfield>
    <subfield code="a">Coffee (beverage)</subfield>
    <subfield code="x">Industry and trade</subfield>
    <subfield code="z">Mexico</subfield>
    <subfield code="z">Puebla</subfield>
  </datafield>
  <datafield tag="700" ind1="1" ind2=" ">
    <subfield code="9">147446</subfield>
    <subfield code="a">Espejel Garc&#xED;a, Anastacio</subfield>
    <subfield code="e">director</subfield>
  </datafield>
  <datafield tag="700" ind1="1" ind2=" ">
    <subfield code="9">163078</subfield>
    <subfield code="a">Barrera Rodr&#xED;guez, Ariadna Isabel</subfield>
    <subfield code="e">asesora</subfield>
  </datafield>
  <datafield tag="700" ind1="1" ind2=" ">
    <subfield code="9">151810</subfield>
    <subfield code="a">Sandoval Castilla, Ofelia</subfield>
    <subfield code="e">asesora</subfield>
  </datafield>
  <datafield tag="856" ind1="4" ind2="0">
    <subfield code="u">http://10.13.5.2/tesis/tl/2021_IA_Perez_Torres_Alba.pdf</subfield>
    <subfield code="y">DESCARGAR PDF</subfield>
  </datafield>
  <datafield tag="942" ind1=" " ind2=" ">
    <subfield code="2">Clasificaci&#xF3;n Universidad Aut&#xF3;noma Chapingo</subfield>
    <subfield code="c">TD</subfield>
  </datafield>
  <datafield tag="999" ind1=" " ind2=" ">
    <subfield code="c">220012</subfield>
    <subfield code="d">220012</subfield>
  </datafield>
  <datafield tag="952" ind1=" " ind2=" ">
    <subfield code="0">0</subfield>
    <subfield code="1">0</subfield>
    <subfield code="2">local</subfield>
    <subfield code="4">0</subfield>
    <subfield code="7">0</subfield>
    <subfield code="8">TesDigL</subfield>
    <subfield code="a">IA_</subfield>
    <subfield code="b">IA_</subfield>
    <subfield code="c">E_L</subfield>
    <subfield code="d">2024-06-21</subfield>
    <subfield code="e">El autor</subfield>
    <subfield code="l">0</subfield>
    <subfield code="p">1201013879</subfield>
    <subfield code="r">2024-06-21 00:00:00</subfield>
    <subfield code="w">2024-06-21</subfield>
    <subfield code="y">TD</subfield>
  </datafield>
  <datafield tag="952" ind1=" " ind2=" ">
    <subfield code="0">0</subfield>
    <subfield code="1">0</subfield>
    <subfield code="2">local</subfield>
    <subfield code="4">0</subfield>
    <subfield code="5">1</subfield>
    <subfield code="7">0</subfield>
    <subfield code="8">TesDigL</subfield>
    <subfield code="a">BD</subfield>
    <subfield code="b">BD</subfield>
    <subfield code="c">E_L</subfield>
    <subfield code="d">2024-09-18</subfield>
    <subfield code="l">0</subfield>
    <subfield code="o">Tesis digital</subfield>
    <subfield code="r">2024-09-18 10:25:59</subfield>
    <subfield code="w">2024-09-18</subfield>
    <subfield code="y">TD</subfield>
  </datafield>
</record>
